000 00527 a2200181 4500
003 OSt
005 20240205114942.0
008 240205b |||||||| |||| 00| 0 eng d
020 _a9789357420860
040 _coclc
082 _a633.1
_bSAF/N
100 _aSafarulla, k.
_910377
245 _aNellu Oru Grameena Samskruthiyude Charithram /
_c K. Safarulla
250 _a1st ed.
260 _aKOZHIKODE:
_bOLIVE PUBLICATION,
_c2023.
300 _a261p.
942 _2ddc
_cBK
_h633.1
_iSAF/N
_k633.1
_mSAF/N
999 _c44278
_d44278